| 000 | 00828nam a22002297a 4500 | ||
|---|---|---|---|
| 005 | 20140310183632.0 | ||
| 008 | 131120b xxu||||| |||| 00| 0 eng d | ||
| 020 | _a9781606491065 | ||
| 050 |
_aHD 60 _b.M967 2010 |
||
| 100 | _aMunoz, J. Mark. | ||
| 245 |
_aInternational social entrepreneurship : _bpathways to personal and corporate impact / _cJ Mark S Muñoz. |
||
| 250 | _a1st ed. | ||
| 260 |
_a[New York, N.Y.] (222 East 46th Street, New York, NY 10017) : _bBusiness Expert Press, _c2010. |
||
| 300 |
_a200 p. : _c25 cm. |
||
| 504 | _aIncludes Bibliographic References and Index. | ||
| 521 | _aBSBA | ||
| 650 | _aSocial entrepreneurship. | ||
| 650 | _aInternational business enterprises. | ||
| 650 | _aBUSINESS & ECONOMICS / Development / Sustainable Development | ||
| 942 |
_2lcc _cBK _kFOR |
||
| 999 |
_c25625 _d25625 |
||